000 00442nam a2200205Ia 4500
001 12844
003 GE_BSU
008 181216s||||||||xx |||||||||||||| ||und||
020 _a07126793324
040 _cGE_BSU
080 _a821.111-312.4
100 _aGrisham,John.
245 4 _aThe street lawyer.
260 _aLondon.
260 _bCentury.
260 _c1998
300 _a348p;23cm.
653 _aThe street lawyer.
942 _cBK
999 _c46014
_d46014